Yugoslavia in Eurovision (1961-1992) - Statistics

General Stats
  • This quiz has been taken 13 times
  • The average score is 12 of 27
Answer Stats
Year Song title Result % Correct
1989 Rock Me 1
100%
1990 Hajde da ludujemo 7
88%
1968 Jedan dan 7
88%
1991 Brazil 21
75%
1983 Džuli 4
75%
1986 Željo moja 11
63%
1984 Ciao, amore 18
50%
1974 Generacija '42 12
50%
1987 Ja sam za ples 4
50%
1992 Ljubim te pesmama 13
50%
1988 Mangup 6
50%
1963 Brodovi 11
38%
1973 Gori vatra 15
38%
1982 Halo, halo 14
38%
1981 Lejla 15
38%
1961 Neke davne zvezde 8
38%
1962 Ne pali svetla u sumrak 4
38%
1966 Brez besed 7
25%
1965 Čežnja 12
25%
1975 Dan ljubezni 13
25%
1972 Muzika i ti 9
25%
1969 Pozdrav svijetu 13
25%
1970 Pridi, dala ti bom cvet 11
25%
1971 Tvoj dječak je tužan 14
25%
1967 Vse rože sveta 8
25%
1964 Život je sklopio krug 13
25%
1976 Ne mogu skriti svoju bol 17
0%
No matching quizzes found
Score Distribution
Percent of People with Each Score
Percentile by Number Answered
Your Score History
You have not taken this quiz